| 000 | 00470cam a2200193 4500 | ||
|---|---|---|---|
| 001 | D15070 | ||
| 008 | 090401t1969 xxu||||| |||| 00| 0 eng d | ||
| 035 | _a(Sirsi) u20064 | ||
| 041 | _aeng | ||
| 050 | _a333.0062 | ||
| 110 |
_aRoyal Institution of Chartered Surveyors _bScottish Branch _9830 |
||
| 245 | _aAnnual report 1968-1969 | ||
| 260 |
_bRICS _c1969 |
||
| 300 | _a42p | ||
| 350 | _a0 | ||
| 520 | _aFiled in box 1969/A12 | ||
| 942 | _n0 | ||
| 948 | _c04/03/1997 | ||
| 999 |
_c87753 _d87753 |
||